Economics (Record no. 1309154)
[ view plain ]
| 000 -LEADER | |
|---|---|
| fixed length control field | 00535cam a2200217 i 4500 |
| 005 - DATE AND TIME OF LATEST TRANSACTION | |
| control field | 20250529123006.0 |
| 008 - FIXED-LENGTH DATA ELEMENTS--GENERAL INFORMATION | |
| fixed length control field | 230719s2024 nyua 001 0 eng |
| 020 ## - INTERNATIONAL STANDARD BOOK NUMBER | |
| International Standard Book Number | 9781319544706 |
| 040 ## - CATALOGING SOURCE | |
| Language of cataloging | eng |
| Transcribing agency | SDCL |
| 084 ## - COLON CLASSIFICATION NUMBER | |
| Classification number | X R4 |
| 100 1# - MAIN ENTRY--PERSONAL NAME | |
| Personal name | Krugman, Paul |
| 245 10 - TITLE STATEMENT | |
| Title | Economics |
| 250 ## - EDITION STATEMENT | |
| Edition statement | 7th ed. |
| 300 ## - PHYSICAL DESCRIPTION | |
| Extent | xxxi, 1000p. |
| 500 ## - GENERAL NOTE | |
| General note | Previous edition: 2021. |
| 500 ## - GENERAL NOTE | |
| General note | Includes solutions and glossaries |
| 650 #0 - SUBJECT ADDED ENTRY--TOPICAL TERM | |
| Topical term or geographic name entry element | Economics |
| 700 1# - ADDED ENTRY--PERSONAL NAME | |
| Personal name | Wells, Robin |
| 700 1# - ADDED ENTRY--PERSONAL NAME | |
| Personal name | Herzog, Ryan |
| 942 ## - ADDED ENTRY ELEMENTS (KOHA) | |
| Source of classification or shelving scheme | Colon Classification (CC) |
| Koha item type | Textual |
| 700 1# - ADDED ENTRY--PERSONAL NAME | |
| -- | 752436 |
| 999 ## - | |
| -- | 1309154 |
| -- | 1309154 |
| Withdrawn status | Lost status | Source of classification or shelving scheme | Damaged status | Not for loan | Home library | Current library | Date acquired | Source of acquisition | Inventory number | Total checkouts | Full call number | Barcode | Date last seen | Price effective from | Koha item type |
|---|---|---|---|---|---|---|---|---|---|---|---|---|---|---|---|
| Colon Classification (CC) | South Campus Library | South Campus Library | 2025-04-18 | Efficient Book Distributors | 9393, 09/12/2024, UKP 69.99 | X R4 | SC1690767 | 2025-04-18 | 2025-04-18 | Textual |
